Homonym Slideshow III Quiz Stats

 Plays Quiz Updated Apr 22, 2015

Challenge
Share
Tweet
Score 0/18 Timer 05:00
0 Plays Today
% Correct
punch
99.7%
palm
99%
toast
98.9%
bark
98.9%
fly
98.1%
park
98.1%
box
97.9%
foot
97.4%
nuts
97%
% Correct
keys
96.9%
plane
95.5%
chop
95.2%
clog
94.6%
organ
94.1%
pupil
93.5%
jack
88%
gin
83.1%
beam
79.7%

You're not logged in!

Compare scores with friends on all Sporcle quizzes.
Join for Free
OR
Log In

You Might Also Like...

Show Comments

Extras

Top Quizzes Today


Score Distribution

Your Account Isn't Verified!

In order to create a playlist on Sporcle, you need to verify the email address you used during registration. Go to your Sporcle Settings to finish the process.

Report this User

Report this user for behavior that violates our Community Guidelines.

Details: